[Event "20. Open Internacional de Gros"]
[Site "San Sebastián ESP"]
[Date "2010.09.26"]
[Round "3.8"]
[White "Mohseni, Neik"]
[Black "Rodriguez Cabrera, Fco  Javier"]
[Result "0-1"]
[WhiteElo "1747"]
[BlackElo "1973"]
[PlyCount "62"]
[EventDate "2010.09.24"]
[EventType "swiss"]
[EventRounds "9"]
[EventCountry "ESP"]
[Source "lmi"]
[SourceDate "2010.09.24"]

1. c4 e5 2. Nc3 Nf6 3. e3 Be7 4. d4 exd4 5. exd4 O-O 6. Nf3 d5 7. c5 b6 8. cxb6
axb6 9. Be2 c5 10. b3 Nc6 11. O-O Ne4 12. Bb2 Bf5 13. Bb5 Nb4 14. a4 Bf6 15.
Ne2 Nd6 16. Ba3 Nc2 17. Bc6 Nxa1 18. Qxa1 Rc8 19. Bxd5 Re8 20. Ng3 Be6 21. Bxe6
Rxe6 22. Nh5 Ne4 23. Nxf6+ Qxf6 24. Bb2 Ng5 25. Nxg5 Qxg5 26. dxc5 Rxc5 27. Re1
Rxe1+ 28. Qxe1 h5 29. g3 Qd5 30. Qb4 Rc2 31. Ba3 Rd2 0-1

[Event "20. Open Internacional de Gros"]
[Site "San Sebastián ESP"]
[Date "2010.09.26"]
[Round "3.9"]
[White "Fuente San Sebastian, Ernesto"]
[Black "Orube Bona, Andoni"]
[Result "1/2-1/2"]
[WhiteElo "1880"]
[BlackElo "1743"]
[PlyCount "92"]
[EventDate "2010.09.24"]
[EventType "swiss"]
[EventRounds "9"]
[EventCountry "ESP"]
[Source "lmi"]
[SourceDate "2010.09.24"]

1. e4 c5 2. Nf3 g6 3. d4 cxd4 4. Nxd4 Nc6 5. Be3 Bg7 6. Nc3 Nf6 7. Be2 O-O 8.
Qd2 d5 9. exd5 Nxd5 10. Nxd5 Nxd4 11. Bxd4 Qxd5 12. Bxg7 Qxd2+ 13. Kxd2 Kxg7
14. c4 Bf5 15. Rhd1 h5 16. b4 b6 17. Kc3 Rac8 18. Rd2 Rc7 19. Rad1 Rfc8 20. Rd8
e5 21. Rxc8 Rxc8 22. a4 Be6 23. b5 g5 24. a5 Kf8 25. axb6 axb6 26. Rd6 Rb8 27.
Bxh5 Ke7 28. Rc6 Bd7 29. Rh6 Be6 30. Bf3 Rc8 31. Bc6 Kd6 32. h4 Kc5 33. hxg5
Bxc4 34. Bd7 Rc7 35. Rc6+ Rxc6 36. bxc6 Bb5 37. Be8 Bxc6 38. Bxf7 Kd6 39. g6
Ke7 40. g3 Kf6 41. Kc4 Kg7 42. Bd5 Be8 43. Be4 Kf6 44. g7 Kxg7 45. Kd5 Kf6 46.
Kd6 Ba4 1/2-1/2

[Event "20. Open Internacional de Gros"]
[Site "San Sebastián ESP"]
[Date "2010.09.26"]
[Round "3.10"]
[White "Martikorena Endara, Patxi"]
[Black "Izagirre Alsua, Aritz"]
[Result "1/2-1/2"]
[WhiteElo "1619"]
[BlackElo "1823"]
[PlyCount "115"]
[EventDate "2010.09.24"]
[EventType "swiss"]
[EventRounds "9"]
[EventCountry "ESP"]
[Source "lmi"]
[SourceDate "2010.09.24"]

1. e4 c5 2. Nf3 d6 3. d4 cxd4 4. Nxd4 Nf6 5. Nc3 g6 6. Be2 Bg7 7. Be3 Nc6 8.
O-O O-O 9. Kh1 d5 10. exd5 Nxd5 11. Nxd5 Qxd5 12. Bf3 Qd7 13. Nxc6 bxc6 14.
Qxd7 Bxd7 15. Rad1 Bf5 16. c3 Rfc8 17. Bc5 Bf6 18. Rfe1 Kf8 19. Rd2 a5 20. a4
Rab8 21. Ba3 Rb3 22. Red1 Rbb8 23. Re1 Be6 24. Be4 Bb3 25. Bc2 Be6 26. f4 Bh4
27. Re5 Bd5 28. Rde2 Rb7 29. Rd2 Bf6 30. Re1 Kg7 31. Bd3 Rcc7 32. Be4 Bb3 33.
Bc2 Bd5 34. Be4 Bb3 35. Bc2 Bxc2 36. Rxc2 Rd7 37. g3 Rd3 38. Ree2 Rbd7 39. Kg2
h5 40. Bc5 Kf8 41. Bb6 R7d5 42. h3 h4 43. Re3 hxg3 44. Kxg3 Rd1 45. b4 Ra1 46.
bxa5 Rxa4 47. Kf3 e6 48. Re4 Ra3 49. Rc4 Ra1 50. Rxc6 g5 51. Rg2 Rf5 52. Rc4
Ke8 53. Rc8+ Kd7 54. Rc7+ Ke8 55. Rc8+ Kd7 56. Rc7+ Ke8 57. Rc8+ Kd7 58. Rc7+
1/2-1/2

[Event "20. Open Internacional de Gros"]
[Site "San Sebastián ESP"]
[Date "2010.09.27"]
[Round "4.1"]
[White "Guijarro Galan, Jose Luis"]
[Black "Mirzoev, Azer"]
[Result "0-1"]
[WhiteElo "2222"]
[BlackElo "2527"]
[PlyCount "50"]
[EventDate "2010.09.24"]
[EventType "swiss"]
[EventRounds "9"]
[EventCountry "ESP"]
[Source "lmi"]
[SourceDate "2010.09.24"]

1. e4 e5 2. Nf3 Nc6 3. Bc4 Bc5 4. c3 Qf6 5. d3 d6 6. Be3 Nge7 7. b4 Bxe3 8.
fxe3 Qh6 9. Qe2 f5 10. O-O fxe4 11. dxe4 Rf8 12. Nbd2 Bg4 13. a4 a5 14. Rfb1
Rf6 15. Bb5 Kf8 16. Bc4 g6 17. b5 Nd8 18. Rf1 Kg7 19. Rf2 Ne6 20. Raf1 Ng5 21.
h3 Bxf3 22. Qd3 Bxg2 23. Rxf6 Bxf1 24. Qxf1 Nxh3+ 25. Kg2 Qg5+ 0-1

[Event "20. Open Internacional de Gros"]
[Site "San Sebastián ESP"]
[Date "2010.09.27"]
[Round "4.2"]
[White "Argandona Riveiro, Inigo"]
[Black "Sanz Perez, Eduardo"]
[Result "1-0"]
[WhiteElo "2408"]
[BlackElo "2155"]
[PlyCount "77"]
[EventDate "2010.09.24"]
[EventType "swiss"]
[EventRounds "9"]
[EventCountry "ESP"]
[Source "lmi"]
[SourceDate "2010.09.24"]

1. Nf3 f5 2. d3 d6 3. e4 e5 4. Nc3 Nf6 5. exf5 Bxf5 6. d4 e4 7. Nh4 Bg4 8. Be2
Be6 9. d5 Bf7 10. Nf5 Qd7 11. Ng3 Bg6 12. h4 h6 13. Nh5 Qe7 14. Nf4 Bf7 15. h5
Nbd7 16. Nb5 Nb6 17. c4 c6 18. Nc3 Qe5 19. Be3 cxd5 20. Bxb6 axb6 21. Nfxd5 Ra5
22. Rh4 Bxd5 23. cxd5 Be7 24. Bb5+ Kd8 25. a4 e3 26. f4 Qf5 27. g3 Kc7 28. b4
Raa8 29. Bd3 Qd7 30. Rh2 Ng4 31. Rc2 Rac8 32. a5 bxa5 33. Nb5+ Kb8 34. Rxa5 b6
35. Ra7 Qxa7 36. Nxa7 Nf2 37. Rxc8+ Rxc8 38. Nxc8 Nxd1 39. Nxe7 1-0

[Event "20. Open Internacional de Gros"]
[Site "San Sebastián ESP"]
[Date "2010.09.27"]
[Round "4.4"]
[White "Tung, Siu Hung"]
[Black "Lakunza Oyarbide, Juan Carlos"]
[Result "0-1"]
[WhiteElo "1875"]
[BlackElo "2102"]
[PlyCount "48"]
[EventDate "2010.09.24"]
[EventType "swiss"]
[EventRounds "9"]
[EventCountry "ESP"]
[Source "lmi"]
[SourceDate "2010.09.24"]

1. e4 e5 2. Nf3 Nc6 3. Bb5 Nd4 4. Nxd4 exd4 5. Qe2 Bc5 6. d3 Ne7 7. Nd2 O-O 8.
O-O c6 9. Bc4 d5 10. Bb3 a5 11. a4 Re8 12. Qf3 Be6 13. exd5 cxd5 14. c4 dxc3
15. bxc3 Ng6 16. d4 Nh4 17. Qd3 Bd6 18. Re1 Qg5 19. g3 Bh3 20. Re3 Bf4 21. Nf1
Bxe3 22. Bxe3 Nf3+ 23. Kh1 Qh5 24. g4 Bxf1 0-1

[Event "20. Open Internacional de Gros"]
[Site "San Sebastián ESP"]
[Date "2010.09.27"]
[Round "4.5"]
[White "Rodriguez Cabrera, Fco  Javier"]
[Black "Alvarado Fernandez, Mikel"]
[Result "1-0"]
[WhiteElo "1973"]
[BlackElo "2010"]
[PlyCount "35"]
[EventDate "2010.09.24"]
[EventType "swiss"]
[EventRounds "9"]
[EventCountry "ESP"]
[Source "lmi"]
[SourceDate "2010.09.24"]

1. e4 g6 2. d4 Bg7 3. c3 d6 4. Bg5 c6 5. Nd2 Nd7 6. Ngf3 Qc7 7. Bd3 e5 8. O-O
Ngf6 9. Re1 O-O 10. b4 b6 11. dxe5 dxe5 12. Nc4 Rd8 13. Qc2 b5 14. Na5 c5 15.
Bxb5 cxb4 16. Nc6 Re8 17. cxb4 Bb7 18. Ne7+ 1-0

[Event "20. Open Internacional de Gros"]
[Site "San Sebastián ESP"]
[Date "2010.09.27"]
[Round "4.6"]
[White "Darrigues, Alain"]
[Black "Iglesias Gonzalez, Veronica"]
[Result "0-1"]
[WhiteElo "1996"]
[BlackElo "1790"]
[PlyCount "118"]
[EventDate "2010.09.24"]
[EventType "swiss"]
[EventRounds "9"]
[EventCountry "ESP"]
[Source "lmi"]
[SourceDate "2010.09.24"]

1. d4 d5 2. c4 c6 3. Nf3 Nf6 4. Nc3 e6 5. e3 dxc4 6. Bxc4 b5 7. Bd3 Nbd7 8. O-O
Bb7 9. e4 b4 10. Na4 c5 11. Bg5 Qa5 12. d5 e5 13. b3 Bd6 14. Nh4 g6 15. Bh6 Ba6
16. Re1 Bxd3 17. Qxd3 Ng4 18. Bd2 O-O 19. Qg3 Ngf6 20. Nf5 Nh5 21. Qg5 f6 22.
Qg4 Qc7 23. Re3 Rf7 24. Nh6+ Kg7 25. Nxf7 Kxf7 26. Qe6+ Kg7 27. g3 Rf8 28. Qg4
f5 29. exf5 Rxf5 30. Rae1 Nhf6 31. Qh3 Rh5 32. Qg2 Ng4 33. h3 Nxe3 34. Bxe3 Rf5
35. Nb2 e4 36. g4 Rxd5 37. Qxe4 Nf6 38. Qc2 h5 39. g5 Nh7 40. Nc4 Bh2+ 41. Kf1
Nxg5 42. Qb2+ Kh7 43. Qf6 Rf5 44. Qb2 Ne4 45. Re2 Ng3+ 46. Ke1 Nxe2 47. Kxe2
Qe7 48. Qd2 Bf4 49. Kf1 Bxe3 50. Nxe3 Rf7 51. Qd5 Qf6 52. Qd2 Qf3 53. h4 Qh1+
54. Ke2 Qxh4 55. Qe1 Qh2 56. Qf1 Qe5 57. Qc1 Qf6 58. Qe1 Qb2+ 59. Kf1 Qxa2 0-1

[Event "20. Open Internacional de Gros"]
[Site "San Sebastián ESP"]
[Date "2010.09.27"]
[Round "4.7"]
[White "Markina Amutxastegi, Fernando"]
[Black "Maruejols, Claude"]
[Result "0-1"]
[WhiteElo "1797"]
[BlackElo "1990"]
[PlyCount "112"]
[EventDate "2010.09.24"]
[EventType "swiss"]
[EventRounds "9"]
[EventCountry "ESP"]
[Source "lmi"]
[SourceDate "2010.09.24"]

1. e4 c5 2. Nc3 d6 3. g3 Nc6 4. d3 g6 5. Be3 e6 6. Bg2 Bg7 7. Qd2 Rb8 8. Nge2
b5 9. Rb1 b4 10. Na4 Qa5 11. b3 Nd4 12. O-O Nxe2+ 13. Qxe2 Ne7 14. Bf4 e5 15.
Be3 O-O 16. Qd2 Nc6 17. Bh6 Bxh6 18. Qxh6 Nd4 19. Qd2 Be6 20. f4 f6 21. Rf2 Qc7
22. Rbf1 Qd7 23. Nb2 Qg7 24. Nd1 h6 25. Ne3 Kh7 26. f5 gxf5 27. exf5 Bg8 28.
Be4 Rfd8 29. Nd5 Rd7 30. Qd1 Bf7 31. Qd2 Bxd5 32. Bxd5 Qg5 33. Qxg5 hxg5 34.
Be4 Kg7 35. Rg2 Rh8 36. Bd5 Kf8 37. Rc1 Rg7 38. Be4 g4 39. Ra1 Rd7 40. Bd5 Rh5
41. Rf1 a5 42. Rff2 Ra7 43. Rf1 a4 44. bxa4 Rxa4 45. Rgf2 Ra3 46. Bb3 Ke7 47.
Bd5 Rc3 48. Bb3 Nf3+ 49. Rxf3 gxf3 50. Rxf3 c4 51. g4 cxb3 52. axb3 Rg5 53. Rg3
Rxc2 54. h4 Rg8 55. g5 Ra8 56. gxf6+ Kxf6 0-1

[Event "20. Open Internacional de Gros"]
[Site "San Sebastián ESP"]
[Date "2010.09.27"]
[Round "4.8"]
[White "Segovia Sanchez, Antonio"]
[Black "Irulegi Garmendia, Jose Antonio"]
[Result "1-0"]
[WhiteElo "1983"]
[BlackElo "1503"]
[PlyCount "73"]
[EventDate "2010.09.24"]
[EventType "swiss"]
[EventRounds "9"]
[EventCountry "ESP"]
[Source "lmi"]
[SourceDate "2010.09.24"]

1. d4 Nf6 2. Nf3 d5 3. g3 c5 4. c3 e6 5. Bg2 Nc6 6. O-O cxd4 7. cxd4 Bd6 8. Nc3
a6 9. h3 O-O 10. Be3 b5 11. Rc1 Bb7 12. Bf4 Bxf4 13. gxf4 h6 14. Ne5 Rc8 15. e3
Qe7 16. Qe2 Rc7 17. Nd3 Rfc8 18. Kh1 Qd6 19. Rg1 b4 20. Na4 Nxd4 21. exd4 Rxc1
22. Rxc1 Rxc1+ 23. Nxc1 Qxf4 24. Qe3 Qd6 25. Nc5 Bc8 26. N1d3 a5 27. Ne5 Ne8
28. Qf3 Qc7 29. Bf1 Nd6 30. Bd3 Nb7 31. Nxb7 Bxb7 32. Qf4 f6 33. Ng6 Qxf4 34.
Nxf4 e5 35. Ne6 e4 36. Bb5 Kf7 37. Nd8+ 1-0

[Event "20. Open Internacional de Gros"]
[Site "San Sebastián ESP"]
[Date "2010.09.27"]
[Round "4.9"]
[White "Orube Bona, Andoni"]
[Black "Riesco Lecuona, Juan Manuel"]
[Result "1/2-1/2"]
[WhiteElo "1743"]
[BlackElo "1931"]
[PlyCount "55"]
[EventDate "2010.09.24"]
[EventType "swiss"]
[EventRounds "9"]
[EventCountry "ESP"]
[Source "lmi"]
[SourceDate "2010.09.24"]

1. e4 c5 2. Nf3 d6 3. d4 cxd4 4. Nxd4 Nf6 5. Nc3 a6 6. Bc4 e6 7. Bb3 Nbd7 8.
O-O Nc5 9. Bg5 Be7 10. Qf3 Qc7 11. Rfe1 Nxb3 12. axb3 O-O 13. Qg3 Qc5 14. Be3
Qh5 15. f4 Ng4 16. Nf3 Nxe3 17. Rxe3 d5 18. Kh1 dxe4 19. Nxe4 Rd8 20. Rc3 Qf5
21. Nf2 Bf6 22. Ng4 Qg6 23. Nxf6+ Qxf6 24. Ne5 Qe7 25. Rd3 Rxd3 26. Qxd3 f6 27.
Nc4 Qc7 28. Rd1 1/2-1/2

[Event "20. Open Internacional de Gros"]
[Site "San Sebastián ESP"]
[Date "2010.09.27"]
[Round "4.10"]
[White "Lazkano Gaite, Tomas"]
[Black "Bello Castano, Diego"]
[Result "0-1"]
[WhiteElo "1736"]
[BlackElo "1893"]
[PlyCount "70"]
[EventDate "2010.09.24"]
[EventType "swiss"]
[EventRounds "9"]
[EventCountry "ESP"]
[Source "lmi"]
[SourceDate "2010.09.24"]

1. d4 c6 2. Nf3 d5 3. c4 Nf6 4. Nc3 e6 5. Bg5 Be7 6. e3 Nbd7 7. cxd5 exd5 8.
Bd3 O-O 9. O-O h6 10. Bh4 Bd6 11. e4 dxe4 12. Nxe4 Be7 13. Ng3 Nb6 14. Bf5 Nbd5
15. Bxc8 Qxc8 16. Re1 Bb4 17. Re5 Bd6 18. Bxf6 Nxf6 19. Nf5 Qc7 20. Nxd6 Qxd6
21. Nh4 g6 22. Qf3 Rad8 23. h3 Nd5 24. Qg3 Kh7 25. Rae1 Rd7 26. Qg4 Nb4 27.
Nxg6 Rg8 28. Re7 Rxe7 29. Rxe7 Qxg6 30. Qf3 Rg7 31. Rxb7 Nxa2 32. Rxa7 Nb4 33.
Rb7 Nc2 34. Rd7 Ne1 35. Qg3 Qb1 0-1

[Event "20. Open Internacional de Gros"]
[Site "San Sebastián ESP"]
[Date "2010.09.28"]
[Round "5.1"]
[White "Mirzoev, Azer"]
[Black "Argandona Riveiro, Inigo"]
[Result "1/2-1/2"]
[WhiteElo "2527"]
[BlackElo "2408"]
[PlyCount "25"]
[EventDate "2010.09.24"]
[EventType "swiss"]
[EventRounds "9"]
[EventCountry "ESP"]
[Source "lmi"]
[SourceDate "2010.09.24"]

1. d4 d5 2. c4 e6 3. Nc3 c6 4. e3 f5 5. f4 Nf6 6. Nf3 Be7 7. Be2 O-O 8. O-O Ne8
9. Bd2 Nd7 10. Ne5 Nd6 11. b3 Nf6 12. Kh1 Bd7 13. Be1 1/2-1/2

[Event "20. Open Internacional de Gros"]
[Site "San Sebastián ESP"]
[Date "2010.09.28"]
[Round "5.2"]
[White "Hernandez, Elvis"]
[Black "Guijarro Galan, Jose Luis"]
[Result "1/2-1/2"]
[WhiteElo "2282"]
[BlackElo "2222"]
[PlyCount "30"]
[EventDate "2010.09.24"]
[EventType "swiss"]
[EventRounds "9"]
[EventCountry "ESP"]
[Source "lmi"]
[SourceDate "2010.09.24"]

1. e4 e5 2. Nf3 Nf6 3. Bc4 Nc6 4. d3 Bc5 5. Nc3 d6 6. Na4 Bb6 7. Nxb6 axb6 8.
Bg5 Be6 9. Bb3 h6 10. Bh4 g5 11. Bg3 Qe7 12. c3 Bxb3 13. axb3 O-O 14. Nd2 Qe6
15. Rb1 b5 1/2-1/2

[Event "20. Open Internacional de Gros"]
[Site "San Sebastián ESP"]
[Date "2010.09.28"]
[Round "5.4"]
[White "Lakunza Oyarbide, Juan Carlos"]
[Black "Rodriguez Cabrera, Fco  Javier"]
[Result "1/2-1/2"]
[WhiteElo "2102"]
[BlackElo "1973"]
[PlyCount "156"]
[EventDate "2010.09.24"]
[EventType "swiss"]
[EventRounds "9"]
[EventCountry "ESP"]
[Source "lmi"]
[SourceDate "2010.09.24"]

1. d4 Nf6 2. c4 g6 3. Nc3 d5 4. Nf3 Bg7 5. Qb3 dxc4 6. Qxc4 Be6 7. Qb5+ Nc6 8.
Qxb7 Na5 9. Qb5+ c6 10. Qa4 O-O 11. e4 Rb8 12. Be2 Bd7 13. b4 Nb7 14. Qxa7 Nd6
15. e5 Nfe4 16. Nxe4 Nxe4 17. Qa3 Qb6 18. O-O Qxb4 19. Qxb4 Rxb4 20. Ba3 Ra4
21. Bxe7 Re8 22. Bd1 Ra7 23. Bb4 Rb8 24. Be1 Be6 25. Bc2 Bd5 26. a3 Rb2 27. Bd3
c5 28. Bxe4 Bxe4 29. dxc5 Bxf3 30. gxf3 Bxe5 31. f4 Bd4 32. Rd1 Bf6 33. Bb4 Rc7
34. Rd6 Be7 35. Re1 Kf8 36. c6 Rxb4 37. axb4 Bxd6 38. b5 Bxf4 39. Re4 Bd2 40.
Rd4 Bg5 41. Rc4 Bd8 42. b6 Rc8 43. b7 Rb8 44. c7 Bxc7 45. Rxc7 Kg7 46. Kg2 Kf6
47. Kg3 Ke6 48. Kf4 h6 49. Rc6+ Kd7 50. Rb6 Kc7 51. Rf6 Rf8 52. Ke5 Re8+ 53.
Kd5 Re7 54. h3 Kxb7 55. Kd6 Rc7 56. Rf3 Kc8 57. Ra3 Rc2 58. Rf3 f5 59. Ke7 Rc1
60. h4 Rh1 61. Rc3+ Kb7 62. Kf6 Rxh4 63. Kxg6 f4 64. Kf5 Rh2 65. f3 Rh4 66. Rc4
Rh5+ 67. Kg4 Rh1 68. Rxf4 Kc6 69. Rd4 Kc5 70. Rd2 h5+ 71. Kf5 h4 72. f4 h3 73.
Kg4 h2 74. Kg3 Kc4 75. Rxh2 Rxh2 76. Kxh2 Kd5 77. Kh3 Ke6 78. Kg4 Kd5 1/2-1/2

[Event "20. Open Internacional de Gros"]
[Site "San Sebastián ESP"]
[Date "2010.09.28"]
[Round "5.5"]
[White "Maruejols, Claude"]
[Black "Izquierdo Arruferia, Joseba"]
[Result "1/2-1/2"]
[WhiteElo "1990"]
[BlackElo "1807"]
[PlyCount "81"]
[EventDate "2010.09.24"]
[EventType "swiss"]
[EventRounds "9"]
[EventCountry "ESP"]
[Source "lmi"]
[SourceDate "2010.09.24"]

1. d4 e6 2. c4 d5 3. Nc3 Nf6 4. cxd5 exd5 5. Bg5 Be7 6. e3 O-O 7. Bd3 Re8 8.
Nge2 Nbd7 9. Qc2 Nf8 10. O-O g6 11. f3 Ne6 12. Bh4 Ng7 13. Rad1 Bf5 14. e4 dxe4
15. fxe4 Nxe4 16. Bxe7 Qxe7 17. Nd5 Qd8 18. Qb3 c6 19. Bxe4 Rxe4 20. Ndc3 Re7
21. Nf4 Qb6 22. Qxb6 axb6 23. d5 Rd7 24. dxc6 Rxd1 25. Rxd1 bxc6 26. Rd6 Rc8
27. h3 Ne8 28. Rd2 Nf6 29. g4 Ne4 30. Rd4 Nxc3 31. bxc3 Bb1 32. Rb4 Bxa2 33.
Rxb6 Bd5 34. Kf2 Re8 35. g5 Re5 36. h4 Re4 37. Rb4 Re8 38. Rd4 Bb3 39. Rb4 Bd5
40. Rd4 Bb3 41. Rb4 1/2-1/2

[Event "20. Open Internacional de Gros"]
[Site "San Sebastián ESP"]
[Date "2010.09.28"]
[Round "5.6"]
[White "Iglesias Gonzalez, Veronica"]
[Black "Segovia Sanchez, Antonio"]
[Result "0-1"]
[WhiteElo "1790"]
[BlackElo "1983"]
[PlyCount "96"]
[EventDate "2010.09.24"]
[EventType "swiss"]
[EventRounds "9"]
[EventCountry "ESP"]
[Source "lmi"]
[SourceDate "2010.09.24"]

1. e4 d5 2. exd5 Qxd5 3. Nc3 Qa5 4. Nf3 Nf6 5. Bd3 Bg4 6. O-O Nbd7 7. b4 Qh5 8.
Ne4 Ne5 9. Ng3 Bxf3 10. Nxh5 Bxd1 11. Nxf6+ gxf6 12. Rxd1 Nxd3 13. cxd3 O-O-O
14. a4 Rxd3 15. b5 Bh6 16. Ba3 e6 17. Be7 Bg7 18. a5 Re8 19. Bc5 f5 20. Ra2 b6
21. axb6 axb6 22. Be3 Rb3 23. Rc1 Rxb5 24. Rac2 Be5 25. g3 Rd8 26. d4 Bd6 27.
Kg2 Kb7 28. Bg5 Rd7 29. Bf6 Rd5 30. Kf3 c5 31. dxc5 Rxc5 32. Bd4 Rxc2 33. Rxc2
Bxg3 34. Bxb6 Bxh2 35. Be3 Be5 36. Rc1 f6 37. Rc4 Rc7 38. Rh4 Kc6 39. Ke2 Kd5
40. Kd3 Rc3+ 41. Kd2 Rc7 42. Kd3 Rb7 43. f3 Rb3+ 44. Kd2 f4 45. Bxf4 Rb4 46.
Ke3 Bxf4+ 47. Rxf4 Rxf4 48. Kxf4 h5 0-1

[Event "20. Open Internacional de Gros"]
[Site "San Sebastián ESP"]
[Date "2010.09.28"]
[Round "5.7"]
[White "Bello Castano, Diego"]
[Black "Espin Laborde, Jesus Maria"]
[Result "1-0"]
[WhiteElo "1893"]
[BlackElo "1777"]
[PlyCount "172"]
[EventDate "2010.09.24"]
[EventType "swiss"]
[EventRounds "9"]
[EventCountry "ESP"]
[Source "lmi"]
[SourceDate "2010.09.24"]

1. Nf3 Nf6 2. b3 e6 3. Bb2 Be7 4. e3 d5 5. Ne5 O-O 6. Bd3 Nfd7 7. f4 f5 8. Qf3
Nf6 9. Nc3 Nbd7 10. O-O-O Nxe5 11. fxe5 Ne4 12. Bxe4 fxe4 13. Qe2 c6 14. Rhf1
Bd7 15. Qg4 Qc7 16. h4 Rxf1 17. Rxf1 Rf8 18. Rxf8+ Bxf8 19. Ne2 Qd8 20. Nf4 Qe7
21. Nh3 Qf7 22. Qf4 Qxf4 23. Nxf4 Be7 24. g3 g6 25. a4 Kf7 26. a5 Bb4 27. Bc3
Bxc3 28. dxc3 b6 29. axb6 axb6 30. Nh3 h6 31. g4 c5 32. g5 h5 33. Nf4 b5 34.
Kd2 Bc6 35. Ne2 Ke7 36. Ng3 Kf7 37. Nh1 Ke7 38. Nf2 Kf7 39. Nd1 Ke7 40. Nb2 Kd7
41. c4 bxc4 42. bxc4 dxc4 43. Nxc4 Bd5 44. Nb2 Kc6 45. Kc3 Kb5 46. Nd1 Bc6 47.
Nf2 Kb6 48. Kc4 Bb5+ 49. Kc3 Bc6 50. Nh3 Be8 51. Nf4 Bf7 52. Kc4 Kc6 53. Ne2
Kb6 54. Nc3 Be8 55. Nxe4 Bb5+ 56. Kc3 Be2 57. Nf2 Kc6 58. e4 Bf3 59. Kd3 Bg2
60. Kc4 Bf1+ 61. Kc3 Bg2 62. Kd3 Bf1+ 63. Ke3 Kd7 64. Nh1 Ke7 65. Ng3 Bb5 66.
Kf4 Kf7 67. Nh1 Ba4 68. c3 Bc6 69. Nf2 Bb5 70. Ke3 Ke7 71. Nd1 Kd7 72. Nb2 Kc6
73. c4 Ba6 74. Kd2 Bc8 75. Nd3 Bd7 76. Nf4 Be8 77. Nxe6 Kb6 78. Nf4 Kc6 79. Kd3
Kd7 80. Kc3 Bf7 81. Kb3 Be8 82. Ka4 Kc7+ 83. Ka5 Kb7 84. e6 Kc7 85. e5 Kb7 86.
Nd5 Kc8 1-0

[Event "20. Open Internacional de Gros"]
[Site "San Sebastián ESP"]
[Date "2010.09.28"]
[Round "5.9"]
[White "Gonzalez Pueyo, Patricia"]
[Black "Tung, Siu Hung"]
[Result "0-1"]
[WhiteElo "1605"]
[BlackElo "1875"]
[PlyCount "136"]
[EventDate "2010.09.24"]
[EventType "swiss"]
[EventRounds "9"]
[EventCountry "ESP"]
[Source "lmi"]
[SourceDate "2010.09.24"]

1. e4 d6 2. d4 g6 3. Bd3 Bg7 4. Nf3 Bg4 5. c3 Nd7 6. h3 Bxf3 7. Qxf3 c5 8. Be3
Qb6 9. O-O Qxb2 10. Nd2 Qxc3 11. Bc4 Ngf6 12. Rac1 Qa5 13. e5 dxe5 14. dxe5
Nxe5 15. Qxb7 Rd8 16. Bb5+ Ned7 17. Rxc5 Qb6 18. Bxd7+ Nxd7 19. Rc7 Qxb7 20.
Rxb7 a6 21. Rc1 O-O 22. Nb3 Bf6 23. Rcc7 Nb8 24. Bc5 Rd1+ 25. Kh2 Be5+ 26. g3
Bxc7 27. Rxc7 Rd7 28. Rxd7 Nxd7 29. Bxe7 Re8 30. Bg5 Re2 31. Be3 Rxa2 32. Nd4
a5 33. Kg2 a4 34. Nb5 Rc2 35. Kf3 Ne5+ 36. Ke4 Nc4 37. Bd4 Na5 38. Kd5 Rc8 39.
Nd6 Rd8 40. Bf6 Rb8 41. Ne4 a3 42. Kd6 Rb6+ 43. Kd7 Re6 44. f3 a2 45. Bc3 Rxe4
46. fxe4 Nb3 47. e5 a1=R 48. Bxa1 Nxa1 49. e6 fxe6 50. Kxe6 Kg7 51. Ke5 Nc2 52.
Kf4 Nd4 53. h4 h6 54. g4 Kf7 55. h5 g5+ 56. Ke4 Ne6 57. Ke5 Ng7 58. Ke4 Ke6 59.
Kd4 Nxh5 60. gxh5 Kf5 61. Ke3 Kg4 62. Kf2 Kxh5 63. Kg2 Kg4 64. Kh2 Kf3 65. Kg1
g4 66. Kf1 g3 67. Kg1 g2 68. Kh2 Kf2 0-1

[Event "20. Open Internacional de Gros"]
[Site "San Sebastián ESP"]
[Date "2010.09.28"]
[Round "5.10"]
[White "Ladron De Guevara Galar, Fco J"]
[Black "Zubia Aramburu, Mikel"]
[Result "1-0"]
[WhiteElo "2087"]
[BlackElo "1834"]
[PlyCount "99"]
[EventDate "2010.09.24"]
[EventType "swiss"]
[EventRounds "9"]
[EventCountry "ESP"]
[Source "lmi"]
[SourceDate "2010.09.24"]

1. d4 d5 2. c4 c6 3. Nc3 Nf6 4. e3 e6 5. Nf3 Be7 6. Bd3 Nbd7 7. O-O dxc4 8.
Bxc4 b5 9. Be2 a6 10. a3 c5 11. b3 Bb7 12. Bb2 O-O 13. Qd2 Rc8 14. Rac1 Qb6 15.
Rfd1 cxd4 16. Nxd4 Rfd8 17. Qe1 Nc5 18. b4 Nce4 19. Bf3 Nxc3 20. Rxc3 Bxf3 21.
Nxf3 Nd5 22. Rcc1 Rxc1 23. Rxc1 h6 24. Bd4 Qb7 25. Ne5 Rc8 26. Nd3 a5 27. e4
Nf6 28. f3 Nd7 29. Bb2 axb4 30. axb4 Nb6 31. Nc5 Qc6 32. Qg3 f6 33. Qg4 Bxc5+
34. Rxc5 Qd7 35. Rxc8+ Qxc8 36. Bxf6 Qc1+ 37. Kf2 Qd2+ 38. Kg3 Qd7 39. Kh3 Nc4
40. e5 Qf7 41. f4 Ne3 42. Qf3 Nf5 43. Bd8 Nd4 44. Qg4 Qd7 45. Bb6 Nf5 46. Qf3
Qe7 47. g4 Qh4+ 48. Kg2 Ne7 49. Bf2 Ng6 50. Qa8+ 1-0

[Event "20. Open Internacional de Gros"]
[Site "San Sebastián ESP"]
[Date "2010.09.28"]
[Round "5.11"]
[White "Alvarado Fernandez, Mikel"]
[Black "Orube Bona, Andoni"]
[Result "1-0"]
[WhiteElo "2010"]
[BlackElo "1743"]
[PlyCount "121"]
[EventDate "2010.09.24"]
[EventType "swiss"]
[EventRounds "9"]
[EventCountry "ESP"]
[Source "lmi"]
[SourceDate "2010.09.24"]

1. d4 e6 2. c4 f5 3. Nc3 Nf6 4. Nf3 c6 5. Bf4 d5 6. e3 Bd6 7. Bxd6 Qxd6 8. Qc2
b6 9. cxd5 exd5 10. Bd3 Ne4 11. a3 O-O 12. Ne2 Ba6 13. Bxa6 Nxa6 14. Qa4 Nc7
15. Ne5 c5 16. Qc6 Rae8 17. Qxd6 Nxd6 18. O-O c4 19. Rac1 Ne4 20. Rfd1 g5 21.
f3 Nf6 22. Kf2 g4 23. a4 Na6 24. Nc6 Rf7 25. Rc3 Rc7 26. Ne5 Nd7 27. Nf4 Nf6
28. Rdc1 Nb4 29. Ra1 Nc6 30. Nxc6 Rxc6 31. Nd3 Nd7 32. Rac1 Rh6 33. Nf4 Nf6 34.
b3 Rxh2 35. Kg1 Rh4 36. bxc4 dxc4 37. Kf2 gxf3 38. gxf3 Rh2+ 39. Ng2 Nd5 40.
Kg3 Rxg2+ 41. Kxg2 Nxc3 42. Rxc3 Rc8 43. Kg3 Kf7 44. Kf4 Kf6 45. d5 a6 46. e4
fxe4 47. fxe4 b5 48. e5+ Ke7 49. axb5 axb5 50. d6+ Kd7 51. Ra3 c3 52. Ra7+ Kc6
53. Ke3 c2 54. Kd2 Kd5 55. Rc7 c1=Q+ 56. Kxc1 Rd8 57. Re7 Kc6 58. Rxh7 Rd7 59.
Rh8 Rg7 60. Rc8+ Kd7 61. Rc7+ 1-0

[Event "20. Open Internacional de Gros"]
[Site "San Sebastián ESP"]
[Date "2010.09.29"]
[Round "6.1"]
[White "Segovia Sanchez, Antonio"]
[Black "Mirzoev, Azer"]
[Result "0-1"]
[WhiteElo "1983"]
[BlackElo "2527"]
[PlyCount "62"]
[EventDate "2010.09.24"]
[EventType "swiss"]
[EventRounds "9"]
[EventCountry "ESP"]
[Source "lmi"]
[SourceDate "2010.09.24"]

1. d4 Nf6 2. Bf4 c5 3. e3 Qb6 4. b3 g6 5. Nf3 d6 6. Be2 Bg7 7. c3 Nh5 8. Bg3
Nxg3 9. hxg3 Nd7 10. Nbd2 O-O 11. Rc1 Nf6 12. Bd3 Qc7 13. O-O b6 14. Qe2 a6 15.
e4 Bb7 16. e5 dxe5 17. dxe5 Ng4 18. Rfe1 Rfd8 19. Rcd1 Nxe5 20. Be4 Nc6 21. Qe3
e6 22. Nc4 b5 23. Nb2 Qe7 24. a4 Rac8 25. Rxd8+ Rxd8 26. Rd1 Rxd1+ 27. Nxd1 h6
28. Bd3 b4 29. Bc4 Qd6 30. Be2 bxc3 31. Nxc3 Nd4 0-1